Cloud computing (Record no. 18265)
[ view plain ]
| 000 -LEADER | |
|---|---|
| fixed length control field | 00522nam a22001577a 4500 |
| 008 - FIXED-LENGTH DATA ELEMENTS--GENERAL INFORMATION | |
| fixed length control field | 200306b xxu||||| |||| 00| 0 eng d |
| 020 ## - INTERNATIONAL STANDARD BOOK NUMBER | |
| International Standard Book Number | 1449647391 |
| 040 ## - CATALOGING SOURCE | |
| Original cataloging agency | KABU |
| Transcribing agency | KABU |
| 050 ## - LIBRARY OF CONGRESS CALL NUMBER | |
| Classification number | QA76.585 |
| Item number | .J36 2013 c. 1 |
| 100 ## - MAIN ENTRY--PERSONAL NAME | |
| Personal name | Jamsa, Kris |
| 245 ## - TITLE STATEMENT | |
| Title | Cloud computing |
| Remainder of title | SaaS, PaaS, LaaS, Vitualization, Business Models, Mobile, Security, and More |
| Statement of responsibility, etc. | Kris Jamsa |
| 260 ## - PUBLICATION, DISTRIBUTION, ETC. (IMPRINT) | |
| Place of publication, distribution, etc. | Burlington, MA |
| Name of publisher, distributor, etc. | Jones & Bartlett Learning |
| Date of publication, distribution, etc. | 2013 |
| 300 ## - PHYSICAL DESCRIPTION | |
| Extent | xix, 322 p. |
| 650 ## - SUBJECT ADDED ENTRY--TOPICAL TERM | |
| Topical term or geographic name as entry element | Cloud computing |
| 942 ## - ADDED ENTRY ELEMENTS (KOHA) | |
| Source of classification or shelving scheme | Library of Congress Classification |
| Koha item type | General Collection |
| Classification part | QA76.585 |
| Withdrawn status | Lost status | Source of classification or shelving scheme | Not for loan | Home library | Current library | Date acquired | Cost, normal purchase price | Total Checkouts | Full call number | Barcode | Date last seen | Date last checked out | Copy number | Price effective from | Koha item type | Checked out |
|---|---|---|---|---|---|---|---|---|---|---|---|---|---|---|---|---|
| Library of Congress Classification | Kabarak, Main Campus | Kabarak, Main Campus | 06/03/2020 | 10093.00 | 2 | QA76.585 .J36 2013 c. 1 | 028458 | 18/03/2024 | 01/03/2024 | c. 1 | 06/03/2020 | General Collection | ||||
| Library of Congress Classification | Kabarak, Main Campus | Kabarak, Main Campus | 06/03/2020 | 10093.00 | 1 | QA76.585 .J36 2013 c. 2 | 028459 | 14/01/2025 | 07/12/2024 | c. 2 | 06/03/2020 | General Collection | ||||
| Library of Congress Classification | Kabarak, Main Campus | Kabarak, Main Campus | 06/03/2020 | 10093.00 | 1 | QA76.585 .J36 2013 c. 3 | 028460 | 02/12/2024 | 02/12/2024 | c. 3 | 06/03/2020 | General Collection | 19/12/2024 |